000 00513nam a2200169Ia 4500
003 GCL
008 140319s9999 xx 000 0 ara d
040 _aGCL /
_cGCL
082 0 4 _a785.092
_bد ت
100 1 _aدار الراتب الجامعية
245 1 0 _aتشايكوفسكى (بيتر تشايكوفسكى) /
_cدار الراتب الجامعية
300 _a62 ص
490 _aعالم الموسيقيين
_v0
650 0 4 _aالموسنيون
650 0 4 _aتشايكوفسكى
942 _2ddc
_cBK
999 _c45102
_d45102